| 000 | 00516nam a2200169 i 4500 | ||
|---|---|---|---|
| 001 | 81017 | ||
| 003 | ES-MaACL | ||
| 005 | 20230906174341.0 | ||
| 007 | t| | ||
| 008 | 041102s1961 sp ||||1| spa d | ||
| 100 | 1 |
_aHolzner, Josef. _964100 |
|
| 245 | 1 | 0 |
_aSan Pablo, Heraldo de Cristo / _cJosef Holzner ; [versión española por José Monserrat]. |
| 260 |
_aBarcelona : _bHerder, _c1961. |
||
| 300 |
_a558 p. : _bretr. aut. ; _c24 cm. |
||
| 700 | 1 |
_aMonserrat, José. _982298 |
|
| 852 |
_aES-MaACL _jF-6277 _bR.48066 |
||
| 999 |
_c81017 _d81017 |
||